ZKP Suchy Las - Linie - Statystyki

Ogólne statystyki
  • Ten quiz został rozwiązany 14 razy
  • Średni wynik to 10 z 11
Statystyki odpowiedzi
Linia Pętla % Poprawnych
905 Chludowo/Szkoła
100%
907 Chludowo/Szkoła
100%
902 Suchy Las/Teren Aktywnej Edukacji i Sportu
100%
901 Os. Sobieskiego
92%
902 Os. Sobieskiego
92%
904 Os. Sobieskiego
92%
905 Os. Sobieskiego
92%
907 Os. Sobieskiego
92%
901 Złotniki/Osiedle
92%
904 Złotniki/Wieś
92%
902 (Niektóre kursy w wakacje) Morasko
54%
Nie znaleziono quizów pasujących do podanych kryteriów
Rozkład punktacji
Procent ludzi z każdym wynikiem
Percentyl według liczby udzielonych odpowiedzi
Twoja historia wyników
Nie rozwiązałeś tego quizu